Click the Cricketer - Statistics

General Stats
  • This quiz has been taken 25 times
  • The average score is 47 of 80
Answer Stats
Question Tile Select % Correct
Players who have scored double centuries in Test Cricket. James Anderson No
100%
Players who have scored double centuries in Test Cricket. Jake Fraser-McGurk No
95%
Players to have a 150+ strike rate in T20Is. Kwena Maphaka No
91%
Players who have scored double centuries in Test Cricket. Virat Kohli Yes
91%
Players who have scored double centuries in Test Cricket. Johnathan Bairstow No
86%
Players with 400+ test wickets to their name. Morne Morkel No
82%
Players who have scored double centuries in Test Cricket. Yuvraj Singh No
82%
Players who have scored double centuries in Test Cricket. Ajinkya Rahane No
77%
Players to feature in an ODI world cup win. Graeme Smith No
77%
Players with 400+ test wickets to their name. Ishant Sharma No
77%
Players to score 1000 runs and get 100 wickets in test cricket. Kevin Curran No
77%
Players to score 1000 runs and get 100 wickets in test cricket. Mohammed Siraj No
77%
Players to score 1000 runs and get 100 wickets in test cricket. Ollie Robinson No
77%
Players with 400+ test wickets to their name. Shane Warne Yes
77%
Players to score 1000 runs and get 100 wickets in test cricket. Jacques Kallis Yes
73%
Players with 400+ test wickets to their name. Jasprit Bumrah No
73%
Players to score 1000 runs and get 100 wickets in test cricket. Marco Jansen No
73%
Players to score 1000 runs and get 100 wickets in test cricket. Michael Bracewell No
73%
Players with 400+ test wickets to their name. Pat Cummins No
73%
Players to score 1000 runs and get 100 wickets in test cricket. Rachin Ravindra No
73%
Players with 400+ test wickets to their name. Ravindra Jadeja No
73%
Players to feature in an ODI world cup win. Sachin Tendulkar Yes
73%
Players who have scored double centuries in Test Cricket. Shikhar Dhawan No
73%
Players to feature in an ODI world cup win. Brian Lara No
68%
Players to feature in an ODI world cup win. Ricky Ponting Yes
68%
Players with 400+ test wickets to their name. Trent Boult No
68%
Players to have a 150+ strike rate in T20Is. Andre Russell Yes
64%
Players to score 1000 runs and get 100 wickets in test cricket. Andy Roberts No
64%
Players to feature in an ODI world cup win. Anil Kumble No
64%
Players to feature in an ODI world cup win. Brendon McCullum No
64%
Players with 400+ test wickets to their name. Curtly Ambrose Yes
64%
Players to score 1000 runs and get 100 wickets in test cricket. Daniel Vettori Yes
64%
Players to have a 150+ strike rate in T20Is. Glenn Maxwell Yes
64%
Players who have scored double centuries in Test Cricket. KL Rahul No
64%
Players who have scored double centuries in Test Cricket. Marnus Labuschagne Yes
64%
Players to score 1000 runs and get 100 wickets in test cricket. Michael Holding No
64%
Players with 400+ test wickets to their name. Mitchell Starc No
64%
Players to score 1000 runs and get 100 wickets in test cricket. Shakib Al Hasan Yes
64%
Players to score 1000 runs and get 100 wickets in test cricket. Stuart Broad Yes
64%
Players to have a 150+ strike rate in T20Is. Suryakumar Yadav Yes
64%
Players to feature in an ODI world cup win. Virat Kohli Yes
64%
Players with 400+ test wickets to their name. Harbhajan Singh Yes
59%
Players with 400+ test wickets to their name. Malcolm Marshall No
59%
Players who have scored double centuries in Test Cricket. Ben Stokes Yes
55%
Players to have a 150+ strike rate in T20Is. Ishan Kishan No
55%
Players who have scored double centuries in Test Cricket. Karun Nair Yes
55%
Players to have a 150+ strike rate in T20Is. Rohit Sharma No
55%
Players to feature in an ODI world cup win. Shane Watson Yes
55%
Players to feature in an ODI world cup win. Sourav Ganguly No
55%
Players with 400+ test wickets to their name. Dale Steyn Yes
50%
Players to score 1000 runs and get 100 wickets in test cricket. Imran Khan Yes
50%
Players to feature in an ODI world cup win. Inzamam Ul-Haq No
50%
Players to feature in an ODI world cup win. Jofra Archer Yes
50%
Players with 400+ test wickets to their name. Kapil Dev Yes
50%
Players to feature in an ODI world cup win. Mitchell Johnson Yes
50%
Players with 400+ test wickets to their name. Richard Hadlee Yes
50%
Players with 400+ test wickets to their name. Shaun Pollock Yes
50%
Players to have a 150+ strike rate in T20Is. Tim David Yes
50%
Players to feature in an ODI world cup win. Travis Head Yes
50%
Players who have scored double centuries in Test Cricket. Usman Khawaja No
50%
Players to have a 150+ strike rate in T20Is. Jos Buttler No
45%
Players who have scored double centuries in Test Cricket. Mayank Agarwal Yes
45%
Players to feature in an ODI world cup win. Rahul Dravid No
45%
Players with 400+ test wickets to their name. Rangana Herath Yes
45%
Players to have a 150+ strike rate in T20Is. Yashasvi Jaiswal Yes
45%
Players to score 1000 runs and get 100 wickets in test cricket. Graeme Swann Yes
41%
Players who have scored double centuries in Test Cricket. Mushfiqur Rahim Yes
36%
Players to have a 150+ strike rate in T20Is. Nicholas Pooran No
36%
Players to feature in an ODI world cup win. Waqar Younis No
36%
Players who have scored double centuries in Test Cricket. Wasim Akram Yes
36%
Players to have a 150+ strike rate in T20Is. AB de Villiers No
32%
Players to have a 150+ strike rate in T20Is. Heinrich Klaasen No
32%
Players who have scored double centuries in Test Cricket. Jason Holder Yes
32%
Players to have a 150+ strike rate in T20Is. Jimmy Neesham Yes
32%
Players to have a 150+ strike rate in T20Is. Philip Salt Yes
32%
Players to have a 150+ strike rate in T20Is. Rilee Rossouw Yes
32%
Players to have a 150+ strike rate in T20Is. Christopher Gayle No
27%
Players to score 1000 runs and get 100 wickets in test cricket. Chris Woakes Yes
27%
Players to feature in an ODI world cup win. Tom Curran Yes
23%
Players to score 1000 runs and get 100 wickets in test cricket. Mehidy Hasan Miraz Yes
5%
No matching quizzes found
Score Distribution
Percent of People with Each Score
Percentile by Number Answered
Your Score History
You have not taken this quiz